Les polices d'écriture les plus utilisées - Statistiques

Statistiques générales
  • Ce quiz a été pris 75 fois
  • Le résultat moyen est 4 sur 10
Statistiques - réponses
Polices d'écriture les plus utilisées dans le monde % Correct
Arial
88%
Times New Roman
80%
Calibri
68%
Comic Sans
62%
Helvetica
29%
Verdana
17%
Courrier
14%
Georgia
10%
Garamond
4%
Trébuchet MS
1%
Aucun quiz correspondant
Distribution des résultats
% des personnes avec chaque résultat
Percentile par nombre de réponses
Votre historique - résultats
Vous n’avez pas pris ce quiz